000
00313nam a2200145Ia 4500
008
100415s9999 xx 000 0 und d
082
_b
7649
_a
580
100
_a
Maheshwari P
245
_a
Cedrus
260
_a
NEW DELHI
_c
1970
_b
CSIR
365
_b
24
630
_a
Cedrus
730
_a
Cedrus
942
_c
BOOK
999
_c
590601
_d
590598